000 00655nam a2200241Ia 4500
003 OSt
005 20220918175228.0
006 a|||||r|||| 00| 0
007 ta
008 220917b |||||||| |||| 00| 0 eng d
024 _a16,277
037 _cTextual
040 _aARTS
_cARTS
_beng
041 _2eng
_aeng
082 _aO111,1:g(S:55), K6
100 _aGibbs A C.
_953364
245 0 _aMiddle English romances
260 _c1966
490 _aYork medieval texts ed by Elizeabeth Salter and Derek Pearsall
650 _aENGLISH LITERATURE
942 _hO111,1:g(S:55), K6
_cTEXL
_2CC
999 _c156661
_d156661